| 000 | 00814cab a22001935a 4500 | ||
|---|---|---|---|
| 001 | L152578 | ||
| 008 | 110330e20110120xxk 000 0 eng d | ||
| 035 | _a(Sirsi) u152578 | ||
| 041 | 0 | _aeng | |
| 100 | 1 | _aGlass, Julian | |
| 245 | 0 | 0 |
_aDelay in Bribery Act buys time _bsecond postponement gives businesses another chance to introduce the necessary policies |
| 260 | _c2011 | ||
| 490 |
_aConstruction News _v(7210) 24 March 2011, 38(1) |
||
| 520 | _aThe government recently announced that the implementation of the Bribery Act will be delayed for a second time; looks at the impact the Act will have and what companies can do now to help if they are investigated in the future. | ||
| 590 | _aKA | ||
| 651 | 4 |
_aUnited Kingdom _y |
|
| 690 | _aMANAGEMENT-BUSINESS MANAGEMENT-PROFESSIONAL PRACTICE | ||
| 942 | _n0 | ||
| 999 |
_c83004 _d83004 |
||